Introduction to sociology (Record no. 8458)

MARC details
000 -LEADER
fixed length control field 00583cam a2200229ua 4500
001 - CONTROL NUMBER
control field 9411
005 - DATE AND TIME OF LATEST TRANSACTION
control field 20260515114449.0
008 - FIXED-LENGTH DATA ELEMENTS--GENERAL INFORMATION
fixed length control field 150827n ii |||gr||||Z||||||eng
020 ## - INTERNATIONAL STANDARD BOOK NUMBER
International Standard Book Number 8173393966
040 ## - CATALOGING SOURCE
Transcribing agency MAIN
041 ## - LANGUAGE CODE
Language code of text/sound track or separate title eng
082 ## - DEWEY DECIMAL CLASSIFICATION NUMBER
Classification number 301
100 ## - MAIN ENTRY--PERSONAL NAME
Personal name Ahmed, Gyasuddin,
Relator term Author.
245 1# - TITLE STATEMENT
Title Introduction to sociology
Statement of responsibility, etc. by Gyasuddin Ahmed
250 ## - EDITION STATEMENT
Edition statement 1st ed.
260 ## - PUBLICATION, DISTRIBUTION, ETC.
Place of publication, distribution, etc. Dibrugarh:
Name of publisher, distributor, etc. Banalata,
Date of publication, distribution, etc. 2005-06.
300 ## - PHYSICAL DESCRIPTION
Extent 340p.
653 ## - INDEX TERM--UNCONTROLLED
Uncontrolled term Sociology & anthropology
700 ## - ADDED ENTRY--PERSONAL NAME
Personal name Borgohain, Himanta,
Relator term Authfor.
700 ## - ADDED ENTRY--PERSONAL NAME
Personal name Chutia, Dilip,
Relator term Author.
942 ## - ADDED ENTRY ELEMENTS (KOHA)
Koha item type Books
Holdings
Withdrawn status Lost status Damaged status Not for loan Home library Current library Shelving location Date acquired Total checkouts Full call number Barcode Date last seen Copy number Price effective from Koha item type Date last checked out
        Naharkatiya College Library Naharkatiya College Library General stacks 09/19/2020   301 | AHM 17118 09/19/2020 1 09/19/2020 Books  
        Naharkatiya College Library Naharkatiya College Library General stacks 09/19/2020 4 301 | AHM 17119 10/24/2025 2 09/19/2020 Books 09/10/2025
        Naharkatiya College Library Naharkatiya College Library General stacks 09/19/2020 6 301 | AHM 18991 12/15/2022 3 09/19/2020 Books 12/07/2022
        Naharkatiya College Library Naharkatiya College Library General stacks 09/19/2020 3 301 | AHM 19117 09/21/2022 4 09/19/2020 Books 09/07/2022